| 000 | 00667nam a2200217Ia 4500 | ||
|---|---|---|---|
| 003 | GCL | ||
| 008 | 140319s9999 xx 000 0 ara d | ||
| 020 | _a573232977 | ||
| 040 |
_aGCL / _cGCL |
||
| 082 | 0 | 4 |
_a659.1 _bا ا |
| 100 | 1 | _aالسيد بهنسى | |
| 245 | 1 | 0 |
_aابتكار الافكار الاعلانية / _cالسيد بهنسى |
| 250 | _aالاولى | ||
| 260 |
_aالقاهرة : _bعالم الكتب ، _c2007 |
||
| 300 |
_a366 ص ؛ _c24 سم |
||
| 650 | 0 | 4 | _aالاعلان بالاذاعة |
| 650 | 0 | 4 | _aالاعلانات |
| 650 | 0 | 4 | _aالاعلانات - تصميم |
| 650 | 0 | 4 | _aالاعلان بالانترنت |
| 942 |
_2ddc _cBK |
||
| 999 |
_c9738 _d9738 |
||